Discurso leido en la Universidad Central en la solemne inauguración del curso académico de 1897 á 1898 / (Record no. 154465)

MARC details
000 -LEADER
campo de control de longitud fija 01011nam a2200229 i 4500
001 - NÚMERO DE CONTROL
campo de control 154465
003 - IDENTIFICADOR DE NÚMERO DE CONTROL
campo de control ES-MaACL
005 - FECHA Y HORA DE LA ÚLTIMA TRANSACCIÓN
campo de control 20240203062549.0
008 - DATOS DE LONGITUD FIJA--INFORMACIÓN GENERAL
campo de control de longitud fija 961110s1897 sp |||| | spa d
040 ## - FUENTE DE CATALOGACIÓN
Centro catalogador/agencia de origen CLM
Lengua de catalogación spa
Centro/agencia transcriptor CCPB | SIC
100 1# - ENTRADA PRINCIPAL--NOMBRE DE PERSONA
Nombre de persona Gómez Pamo, J. R. (
Fechas asociadas al nombre 1846-1913)
9 (RLIN) 58098
245 10 - MENCIÓN DEL TÍTULO
Título Discurso leido en la Universidad Central en la solemne inauguración del curso académico de 1897 á 1898 /
Mención de responsabilidad, etc. por Juan Ramón Gómez Pamo.
260 ## - PUBLICACIÓN, DISTRIBUCIÓN, ETC.
Lugar de publicación, distribución, etc. Madrid :
Nombre del editor, distribuidor, etc. [s.n.],
Fecha de publicación, distribución, etc. 1897 (
Fabricante Imprenta colonial)
300 ## - DESCRIPCIÓN FÍSICA
Extensión 88 p. ;
Dimensiones 27 cm.
500 ## - NOTA GENERAL
Nota general Tema del discurso: Estudio histórico crítico de las clasificaciones botánicas.
530 ## - NOTA DISPONIBLE DE FORMULARIO FÍSICO ADICIONAL
Nota de formato físico adicional disponible Disponible en formato digital.
650 #4 - PUNTO DE ACCESO ADICIONAL DE MATERIA--TÉRMINO DE MATERIA
Término de materia o nombre geográfico como elemento de entrada Plantas-
Subdivisión general Clasificación.
9 (RLIN) 136713
710 20 - ENTRADA AGREGADA--NOMBRE DE ENTIDAD CORPORATIVA
Nombre de entidad corporativa o nombre de jurisdicción como elemento de entrada Universidad Central (Madrid)
9 (RLIN) 7084
852 ## - LOCALIZACIÓN
Ubicación ES-MaACL
Número de control de estantería T-956-F-4
Nota libre -- Enc. hol., conservando cub. original
-- -- Enc. en un vol. facticio
856 ## - LOCALIZACIÓN Y ACCESO ELECTRÓNICOS
Identificador Uniforme de Recursos <a href="http://bdh-rd.bne.es/viewer.vm?id=0000041455&page=1 ">http://bdh-rd.bne.es/viewer.vm?id=0000041455&page=1 </a>
Nota pública Biblioteca Digital Hispánica
Holdings
Estatus retirado Estado de pérdida Estado de daño No para préstamo Colección Biblioteca de origen Biblioteca actual Ubicación en estantería Fecha de adquisición Total de préstamos Signatura topográfica completa Código de barras Visto por última vez Precio de reemplazo Tipo de ítem Koha
        Colección de folletos Biblioteca del Ateneo de Madrid Biblioteca del Ateneo de Madrid Depósito folletos 17/01/2008   T-956-F-4 1161539 23/02/2023 23/02/2023 Folleto